Govt. of
Madhya Pradesh

Crime And Urbanization (Record no. 14114)

MARC details
000 -LEADER
fixed length control field 005110000a22001930004500
001 - CONTROL NUMBER
control field 002200
003 - CONTROL NUMBER IDENTIFIER
control field MACL
005 - DATE AND TIME OF LATEST TRANSACTION
control field 20150801160851.0
008 - FIXED-LENGTH DATA ELEMENTS--GENERAL INFORMATION
fixed length control field 150801b xxu||||| |||| 00| 0 eng d
040 ## - CATALOGING SOURCE
Original cataloging agency MACL
Transcribing agency MACL
041 ## - LANGUAGE CODE
Language code of text/sound track or separate title English
082 ## - DEWEY DECIMAL CLASSIFICATION NUMBER
Classification number 364/BAN
100 ## - MAIN ENTRY--PERSONAL NAME
Personal name Banerjee, Sumanta
9 (RLIN) 1040
245 ## - TITLE STATEMENT
Title Crime And Urbanization
Remainder of title Calcutta in the Nineteenth Century
Statement of responsibility, etc. Sumanta Banerjee
260 ## - PUBLICATION, DISTRIBUTION, ETC. (IMPRINT)
Place of publication, distribution, etc. New Delhi
Date of publication, distribution, etc. 2006
Name of publisher, distributor, etc. Tulika books,
350 ## - PRICE (NR) (BK AM CF MU VM SE) [OBSOLETE]
Price 295
650 ## - SUBJECT ADDED ENTRY--TOPICAL TERM
Topical term or geographic name as entry element Criminology
9 (RLIN) 4166
942 ## - ADDED ENTRY ELEMENTS (KOHA)
Call number prefix 364
Koha item type Books
Source of classification or shelving scheme
Holdings
Withdrawn status Lost status Source of classification or shelving scheme Damaged status Not for loan Home library Current library Date acquired Cost, normal purchase price Total Checkouts Full call number Barcode Date last seen Uniform Resource Identifier Price effective from Koha item type
          MACL MACL 15/04/2015 295.00   364/BAH CRE019664 02/05/2024 13995 15/04/2015 Books